| 000 | 01792nam a2200313Ia 4500 | ||
|---|---|---|---|
| 999 |
_c54934 _d54934 |
||
| 001 | 22005 | ||
| 003 | GE_BSU | ||
| 005 | 20220923145625.0 | ||
| 008 | 181216s ||||ge |||||||||||||| ||geo|| | ||
| 040 | _cGE_BSU | ||
| 041 | _ageo | ||
| 080 | _a821.111-4 ვ-95 | ||
| 100 |
_aვულფი, ვირჯინია _914744 |
||
| 245 |
_aსაკუთარი ოთახი = A room of One's Own : _b[ესეები] / _cვირჯინია ვულფი ; ინგისურიდან თარგმნა და ბოლოსიტყვაობა დაურთო ინგა მაცაბერიძე-პაპავამ ; რედ. ლია იმერლიშვილი ; დიზაინერი რუსუდან ხუციშვილი. |
||
| 250 | _a[1-ლი გამოც.] | ||
| 264 |
_aთბილისი : _bკონსტანტინე, _c2006. |
||
| 300 |
_a208 გვ. ; _c17 სმ. |
||
| 501 | _aანბანური საძიებელი გვ. : 186-195 | ||
| 541 | _h4ლ.20თ. | ||
| 653 | _aბატონი ბენეტი და ქალბატონი ბრაუნი | ||
| 653 | _a ჯეინ ოსტინი | ||
| 653 | _a სტატია "გალივერის დასაცავად" | ||
| 653 | _aვირჯინია ვულფის ბიოგრაფია | ||
| 653 | _aმხატვრული ლიტერატურა | ||
| 653 | _aსაკუთარი ოთახი = A room of One's Own | ||
| 700 |
_aიმერლიშვილი, ლია _eრედაქტორი _914745 |
||
| 700 |
_aხუციშვილი, რუსუდან _eდიზაინერი _914746 |
||
| 942 |
_cBK _2udc |
||